Justicia y participación (Record no. 155321)

MARC details
000 -LEADER
fixed length control field 00700nam a22002057a 4500
005 - DATE AND TIME OF LATEST TRANSACTION
control field 20210616153141.0
008 - FIXED-LENGTH DATA ELEMENTS--GENERAL INFORMATION
fixed length control field 210317b ag ||||| |||| 00| 0 spa d
020 ## - INTERNATIONAL STANDARD BOOK NUMBER
International Standard Book Number 9506790450
050 04 - LIBRARY OF CONGRESS CALL NUMBER
Classification number KHA5893
Item number C33 1988
100 1# - MAIN ENTRY--PERSONAL NAME
Personal name Cavallero, Ricardo J.
245 10 - TITLE STATEMENT
Title Justicia y participación
Remainder of title : el juicio por jurados en materia penal
Statement of responsibility, etc / Ricardo J. Cavallero, Edmundo S. Hendler.
250 ## - EDITION STATEMENT
Edition statement 1a ed.
260 ## - PUBLICATION, DISTRIBUTION, ETC. (IMPRINT)
Place of publication, distribution, etc Buenos Aires, Argentina :
Name of publisher, distributor, etc Universidad,
Date of publication, distribution, etc 1988
300 ## - PHYSICAL DESCRIPTION
Extent 195 p. ;
Dimensions 23 cm.
504 ## - BIBLIOGRAPHY, ETC. NOTE
Bibliography, etc Incluye bibliografía : p. 191-195
650 #7 - SUBJECT ADDED ENTRY--TOPICAL TERM
Source of heading or term lemb
Topical term or geographic name as entry element Jurado
Geographic subdivision Argentina
650 #7 - SUBJECT ADDED ENTRY--TOPICAL TERM
Source of heading or term lemb
Topical term or geographic name as entry element Procedimiento penal
Geographic subdivision Argentina
700 1# - ADDED ENTRY--PERSONAL NAME
Personal name Hendler, Edmundo S.,
Relator term autor
942 ## - ADDED ENTRY ELEMENTS (KOHA)
Source of classification or shelving scheme Biblioteca del Cogreso de los Estados Unidos
Koha item type Libro
Holdings
Estado de pérdida Fuente de clasificación Estado del daño No para préstamo Ubicación permanente Ubicación actual Apartado o colección Fecha de adquisición Fuente de adquisición Edición Dependencia de educación superior (DES) Área del conocimiento Total Checkouts Clasificación Código de Barras Date last seen Número de copia Costo por reposición Tipo de recurso
  Biblioteca del Cogreso de los Estados Unidos     Biblioteca del Posgrado en Derecho Biblioteca del Posgrado en Derecho Colección Ernesto Villanueva 17/03/2021 Donación 1a ed. Derecho Ciencias Sociales y Administrativas   KHA5893 C33 1988 BPD000001384 17/03/2021 1 1.00 Libro